Musavisa - Statistics

Yleistilastot
  • Tätä visaa on pelattu 81 kertaa
  • Keskiarvotulos 7 / 17
Vastaustilastot
Hint Vastaus % Oikein
Kenen biisi on kirje ja tinasormus Janne hurme
74%
Kuka on tehnyt kappaleet syksyn sävel ja viidestoista yö Juice Leskinen
71%
Minä vuonna Eppu normaali julkaisi ensimmäisen albumin 1978
54%
Mikä on Irwin goodmanin oikea nimi Antti hammarberg
54%
Mikä on kuunnelluin suomesta tullut biisi Sandstorm
54%
Mikä on Leevi and the leavingsin laulajan oikea nimi Gösta sundqvist
49%
Kuka on tehnyt kappaleet luokkakokous ja raparperi taivas Leevi and the leavings
49%
Minä vuonna klamydia julkaisi ensimmäisen albumin 1990
46%
Kuka on suomen nuorin syksyn sävelen voittaja Jonna tervomaa
36%
Kuka on tehnyt alkuperäisen version kappaleesta pikkuveli Noitalinnahuraa
36%
Kuka on tehnyt kappaleet rokkikone ja onhan päivä vielä huomennakin Popeda
35%
Kaikkien aikojen kuunnelluin suomenkielinen biisi Cha cha cha
32%
Milta albumilta on biisit suomi ilmiö ja puhtoinen lähiö Akun tehdas
23%
Mikä on ensimmäinen apulannan hitti kappale Mitä kuuluu
19%
Mikä on Leevi and the leavingsin kuunnelluin biisi Itkisitkö onnesta
17%
Eppu Normaalin kuunnelluin albumi Kahdeksas ihme
16%
Kuka on tehnyt biisit meistä tuli naapureita ja suora kutonen väärä vitonen Turo's hevi gee
7%
Ehtoja vastaavia visoja ei löytynyt
Tulosjakauma
Jokaisen tuloksen saaneiden osuus
Persentiili vastausten määrän mukaan
Tuloshistoriasi
Et ole pelannut tätä visaa